Statistiques concernant Les candidats du centre à l'élection présidentielle (depuis 1965)

Cliquez ici pour prendre le quiz!

Statistiques générales

  • Ce quiz a été pris 61 fois
  • Le résultat moyen est 8 sur 10

Statistiques - réponses

AnnéeParti ou mouvementScore (1er tour)Candidat% Correct
2017En Marche !??Emmanuel Macron
98%
2002Union pour la démocratie française6,84%François Bayrou
98%
2007Union pour la démocratie française18,57%François Bayrou
98%
2012Mouvement démocrate9,13%François Bayrou
98%
1974Républicains indépendants32,60%Valéry Giscard d'Estaing
82%
1981Union pour la démocratie française28,32%Valéry Giscard d'Estaing
82%
1995Union pour la démocratie française (ex-RPR)18,58%Edouard Balladur
70%
1988Union pour la démocratie française16,54%Raymond Barre
59%
1969Centre démocrate23,31%Alain Poher
52%
1965Mouvement républicain populaire15,57%Jean Lecanuet
45%

Distribution des résultats

Percentile par nombre de réponses

% des personnes avec chaque résultat

Votre développement - résultats

Vous n’avez pas pris ce quiz